| 000 | 01007nam a2200229 u 4500 | ||
|---|---|---|---|
| 001 | 000793206 | ||
| 003 | AM-YeHGA | ||
| 005 | 20250617144158.0 | ||
| 008 | 110303s1974 ||||||||r|||||000|0|rus|d | ||
| 040 | _aAM-YeHGA | ||
| 041 | 0 | _arus | |
| 100 | 1 | _aГацура, Владимир Васильевич | |
| 245 | 1 | 0 |
_aМетоды первичного фармакологического исследования биологически активных веществ / _cВ.В. Гацура. |
| 260 |
_aМосква : _bМедицина, _c1974. |
||
| 300 |
_a144 с. : _bил. ; _c20 см. |
||
| 504 | _aБиблиогр.: с. 131-141 | ||
| 650 | 1 | 4 | _aБиологические препараты |
| 650 | 1 | 4 |
_aФизиологически активные вещества _xБиосинтез _xФармакология |
| 650 | 1 | 4 | _aФармакологических веществ воздействие |
| 650 | 1 | 4 | _aЛекарственных средств оценка |
| 090 | _c290955 | ||
| 999 |
_c289282 _d289282 |
||